[Event "Gibtelecom Masters"]
[Site "Gibraltar ENG"]
[Date "2006.01.26"]
[Round "3"]
[White "Almer,J"]
[Black "Slimani,A"]
[Result "1-0"]
[WhiteElo "1848"]
[BlackElo "1956"]
[EventDate "2006.01.24"]

1. e4 e6 2. d4 d5 3. Nd2 dxe4 4. Nxe4 Nf6 5. Nxf6+ gxf6 6. Nf3 Bd6 7. Bd3
c6 8. Bd2 b6 9. c4 Bb7 10. Qe2 Nd7 11. O-O-O Qc7 12. Rhe1 O-O-O 13. Kb1 Kb8
14. Rc1 c5 15. Be4 f5 16. Bxb7 Kxb7 17. g3 Rhg8 18. Bc3 Rg4 19. Qd3 cxd4
20. Nxd4 Ne5 21. Qf1 a6 22. f4 Nc6 23. Qf3 Rc8 24. Nb5 Qe7 25. Bf6 Qf8 26.
Red1 Bb8 27. Rd7+ Rc7 28. Nxc7 1-0

[Event "Gibtelecom Masters"]
[Site "Gibraltar ENG"]
[Date "2006.01.27"]
[Round "4"]
[White "Areshchenko,A"]
[Black "Spraggett,K"]
[Result "1/2-1/2"]
[WhiteElo "2670"]
[BlackElo "2581"]
[EventDate "2006.01.24"]

1. e4 c5 2. Nf3 d6 3. d4 Nf6 4. Nc3 cxd4 5. Nxd4 e6 6. Be3 a6 7. a4 Qc7 8.
Be2 Be7 9. O-O O-O 10. Kh1 b6 11. f4 Bb7 12. Bf3 Nbd7 13. f5 e5 14. Nde2 h6
15. Qe1 Rfc8 16. Rc1 Qd8 17. Ng3 Rc7 18. Qf2 Rc4 19. Be2 Rcc8 20. Rfd1 Nc5
21. Qf3 Ncd7 22. Bf2 Qc7 23. Nh5 Nxh5 24. Qxh5 Nf6 25. Qf3 Bc6 26. Bd3 Qb7
27. Bh4 b5 1/2-1/2

[Event "Gibtelecom Masters"]
[Site "Gibraltar ENG"]
[Date "2006.01.27"]
[Round "4"]
[White "Efimenko,Z"]
[Black "Arizmendi Martinez,J"]
[Result "0-1"]
[WhiteElo "2666"]
[BlackElo "2534"]
[EventDate "2006.01.24"]

1. c4 e5 2. Nc3 Nf6 3. Nf3 Nc6 4. d4 e4 5. Ng5 h6 6. d5 hxg5 7. dxc6 g4 8.
cxb7 Bxb7 9. Bf4 e3 10. Bxe3 g3 11. fxg3 Ng4 12. Qd4 Nxe3 13. Qxe3+ Be7 14.
Qd3 Rb8 15. e4 Bc6 16. Be2 Rxb2 17. O-O Bc5+ 18. Kh1 Qg5 19. Rf4 Bd6 20.
Rg4 Rxh2+ 21. Kg1 Qc5+ 0-1

[Event "Gibtelecom Masters"]
[Site "Gibraltar ENG"]
[Date "2006.01.27"]
[Round "4"]
[White "Al Modiahki,M"]
[Black "Kobalia,M"]
[Result "0-1"]
[WhiteElo "2579"]
[BlackElo "2654"]
[EventDate "2006.01.24"]

1. e4 e5 2. Nf3 Nc6 3. Bb5 Nf6 4. d3 d6 5. c3 g6 6. Nbd2 Bg7 7. Nf1 a6 8.
Ba4 b5 9. Bb3 Na5 10. Bc2 c5 11. Bg5 h6 12. Bh4 Be6 13. Ne3 O-O 14. O-O Rb8
15. d4 cxd4 16. cxd4 Nc4 17. Nxc4 bxc4 18. d5 Bg4 19. h3 Bxf3 20. Qxf3 Rxb2
21. Bxf6 Bxf6 22. Qc3 Qb6 23. Bb3 Qd4 24. Qxc4 Qxc4 25. Bxc4 a5 26. Rab1
Rfb8 27. Rxb2 Rxb2 28. Re1 a4 29. Re2 Rb1+ 30. Kh2 Bd8 31. Rc2 Bb6 32. Bd3
Rd1 33. Bb5 a3 34. Kg3 Bc5 35. Kf3 Kg7 36. Ke2 Rg1 37. g3 Rh1 38. Bd3 Rxh3
39. f4 Rxg3 40. fxe5 Rg2+ 41. Kf3 Rxc2 42. Bxc2 dxe5 43. Ke2 h5 44. Kd3 Kf6
45. Kc4 Bf8 46. Kb5 Kg5 47. Kc6 h4 48. Bd3 Kf4 49. d6 h3 50. Bf1 Kg3 0-1

[Event "Gibtelecom Masters"]
[Site "Gibraltar ENG"]
[Date "2006.01.27"]
[Round "4"]
[White "Volkov,S1"]
[Black "Swathi,G"]
[Result "1-0"]
[WhiteElo "2629"]
[BlackElo "2244"]
[EventDate "2006.01.24"]

1. d4 d5 2. c4 c6 3. Nc3 Nf6 4. e3 a6 5. Nf3 b5 6. c5 g6 7. Bd2 Bg7 8. b4
Bg4 9. h3 Bxf3 10. gxf3 Nbd7 11. f4 Ne4 12. Nxe4 dxe4 13. Bg2 f5 14. f3 Nf6
15. Qb3 Qd7 16. a4 Rc8 17. O-O e6 18. fxe4 Nxe4 19. Ra2 O-O 20. Rfa1 Rc7
21. Be1 Nf6 22. Kh1 Nd5 23. Bh4 Rb7 24. axb5 axb5 25. Ra6 Rc7 26. R1a5 h6
27. Rxb5 Nxe3 28. Qxe3 Bxd4 29. Qd2 cxb5 30. Rd6 1-0

[Event "Gibtelecom Masters"]
[Site "Gibraltar ENG"]
[Date "2006.01.27"]
[Round "4"]
[White "Borchgrevink,H"]
[Black "Ganguly,S"]
[Result "1/2-1/2"]
[WhiteElo "2265"]
[BlackElo "2579"]
[EventDate "2006.01.24"]

1. d4 Nf6 2. Nf3 g6 3. Bf4 Bg7 4. Nc3 d5 5. e3 c6 6. Bd3 Qb6 7. Rb1 O-O 8.
h3 c5 9. O-O Nbd7 10. Na4 Qc6 11. Nxc5 Nxc5 12. dxc5 Nd7 13. Qe2 e5 14. Bb5
Qxc5 15. Bh2 Qe7 16. e4 d4 17. c3 dxc3 18. bxc3 Nc5 19. Rfd1 b6 20. Bc6 Ba6
21. c4 Rac8 22. Bd5 Kh8 23. Qb2 Nd7 24. Rbc1 Rfe8 25. Ne1 Rc7 26. Nd3 Rec8
27. Qb3 Nc5 28. Nxc5 Qxc5 29. Bg3 Qa5 30. Qb2 f6 31. f4 exf4 32. Bxf4 Qc5+
33. Kh1 Re7 34. Qb3 Rce8 35. Qg3 Rd7 36. Be3 Qc7 37. Bf4 Qc8 38. Qf3 Bb7
39. Kh2 Qa8 40. Qg4 Rdd8 41. Bc7 Rc8 42. Bg3 Bc6 43. h4 Rcd8 44. Bc7 Rc8
45. Bg3 Rcd8 46. Bc7 Rc8 1/2-1/2

[Event "Gibtelecom Masters"]
[Site "Gibraltar ENG"]
[Date "2006.01.27"]
[Round "4"]
[White "Sandipan,C"]
[Black "Schuurman,P"]
[Result "1-0"]
[WhiteElo "2522"]
[BlackElo "2234"]
[EventDate "2006.01.24"]

1. e4 c6 2. d4 d5 3. Nd2 dxe4 4. Nxe4 Bf5 5. Ng3 Bg6 6. h4 h6 7. Nf3 Nd7 8.
h5 Bh7 9. Bd3 Bxd3 10. Qxd3 e6 11. Bd2 Ngf6 12. O-O-O Be7 13. Ne4 Nxe4 14.
Qxe4 Nf6 15. Qe2 Qd5 16. c4 Qe4 17. Qxe4 Nxe4 18. Be3 O-O 19. Ne5 Rfd8 20.
g4 c5 21. f3 cxd4 22. Rxd4 Rxd4 23. Bxd4 Nd6 24. b3 a6 25. Rd1 Rc8 26. Bb6
Kf8 27. a4 Ke8 28. Kb1 Bf6 29. Nd3 Rc6 30. c5 Nc8 31. Nb4 Nxb6 32. Nxc6 Nd5
33. Na5 Nc3+ 34. Kc2 Nxd1 35. Kxd1 Kd7 36. Nxb7 Kc6 37. Nd6 Kxc5 38. Ne4+
Kd5 39. Nxf6+ gxf6 40. f4 1-0

[Event "Gibtelecom Masters"]
[Site "Gibraltar ENG"]
[Date "2006.01.27"]
[Round "4"]
[White "Gokhale,A"]
[Black "Carlsson,P"]
[Result "0-1"]
[WhiteElo "2198"]
[BlackElo "2430"]
[EventDate "2006.01.24"]

1. d4 Nf6 2. c4 e6 3. Nf3 b6 4. e3 Bb7 5. Bd3 Be7 6. Nc3 d5 7. cxd5 exd5 8.
O-O O-O 9. b3 a6 10. Bb2 Bd6 11. Rc1 Nbd7 12. Ne2 Qe7 13. Ng3 g6 14. Qc2
Rac8 15. Qe2 Ra8 16. Rc2 Ne4 17. Rfc1 Rfc8 18. Nf1 f5 19. Ne1 Nf8 20. f3
Nf6 21. Qf2 Re8 22. Re2 Ne6 23. Bb1 Rf8 24. Nd3 Rae8 25. Ree1 Nd7 26. f4
Nf6 27. Ne5 Ne4 28. Bxe4 fxe4 29. Qe2 Bxe5 30. fxe5 h5 31. Nd2 Rf5 32. Rf1
Ref8 33. Rxf5 Rxf5 34. Rf1 Qg5 35. a4 c5 36. Bc3 h4 37. Rb1 h3 38. b4 c4
39. g3 Bc8 40. b5 a5 41. Re1 Qe7 42. Ra1 Ng5 43. Qd1 Rf7 44. Qe2 Be6 45.
Qd1 Qd7 46. Qe2 Bg4 47. Qe1 Bf3 48. Rb1 Qg4 49. Ra1 Be2 50. Ra2 Bd3 51. Ra1
Rf1+ 52. Qxf1 Bxf1 53. Rxf1 Qe2 0-1

[Event "Gibtelecom Masters"]
[Site "Gibraltar ENG"]
[Date "2006.01.27"]
[Round "4"]
[White "Arakhamia,K"]
[Black "Spence,D"]
[Result "1-0"]
[WhiteElo "2426"]
[BlackElo "2221"]
[EventDate "2006.01.24"]

1. e4 e6 2. d4 d5 3. Nc3 Bb4 4. e5 c5 5. a3 Ba5 6. b4 cxd4 7. Nb5 Bc7 8. f4
a5 9. Bd2 Nh6 10. Nf3 Nf5 11. Bd3 Nc6 12. Nxc7+ Qxc7 13. b5 Nce7 14. Qe2 h5
15. Qf2 Ne3 16. Nxd4 Nc4 17. O-O g6 18. Be1 Nf5 19. Bxf5 gxf5 20. Qe2 b6
21. a4 Bd7 22. Bh4 Qc5 23. c3 Rc8 24. Rf3 Rc7 25. Rg3 Qf8 26. Bf6 Rg8 27.
Rh3 Qh6 28. Bg5 Rxg5 29. fxg5 Qxg5 30. Rxh5 Qe3+ 31. Qxe3 Nxe3 32. Rh8+ Ke7
33. h4 Rxc3 34. h5 Rc4 35. Nf3 Rg4 36. Ra2 f4 37. Rb8 Rg7 38. Rxb6 Nc4 39.
Rb8 Rh7 40. b6 1-0

[Event "Gibtelecom Masters"]
[Site "Gibraltar ENG"]
[Date "2006.01.27"]
[Round "4"]
[White "Gilbert,Je"]
[Black "Roy Chowdhury,S"]
[Result "0-1"]
[WhiteElo "2098"]
[BlackElo "2393"]
[EventDate "2006.01.24"]

1. d4 d5 2. c4 Bf5 3. cxd5 Bxb1 4. Qa4+ Qd7 5. Qxd7+ Nxd7 6. Rxb1 Ngf6 7.
Nf3 Nb6 8. e3 Nbxd5 9. a3 a5 10. Bc4 e6 11. O-O Be7 12. Re1 O-O 13. e4 Nb6
14. Ba2 Nfd7 15. Bf4 Bd6 16. Be3 Rfc8 17. Red1 Kf8 18. Rbc1 c5 19. d5 e5
20. Nd2 Ke7 21. g3 Na4 22. b3 Nb2 23. Rf1 a4 24. Rb1 axb3 25. Bxb3 c4 26.
Rxb2 c3 27. Ra2 cxd2 28. Bxd2 Rxa3 29. Rxa3 Bxa3 30. f4 Bd6 31. Rc1 Rxc1+
32. Bxc1 b5 33. fxe5 Nxe5 34. Bb2 f6 35. Bxe5 Bxe5 36. Kf2 Kd6 37. Ke3 Kc5
38. Kd3 Kb4 39. Bd1 g6 40. Bg4 Kc5 41. Bd1 h5 42. Be2 Bc7 43. Bd1 Ba5 44.
Bf3 Kd6 45. g4 h4 46. h3 g5 47. Be2 Ke5 48. Bf1 Bc7 49. Ke3 Bb6+ 50. Kd3
Bc5 51. Bg2 Kf4 52. Kd2 Bd6 53. Kd3 Kg3 54. Bf1 Kf2 55. Be2 b4 56. Bd1 Kg2
57. Ke2 Kxh3 58. Kf2 Kh2 59. Bc2 Be5 60. Bd1 Bd6 61. Bc2 h3 62. Bd1 Bc5+
63. Kf3 Kg1 64. e5 h2 0-1

[Event "Gibtelecom Masters"]
[Site "Gibraltar ENG"]
[Date "2006.01.27"]
[Round "4"]
[White "Dunn,Al"]
[Black "Peek,Mar"]
[Result "1/2-1/2"]
[WhiteElo "2076"]
[BlackElo "2375"]
[EventDate "2006.01.24"]

1. e4 e6 2. d4 d5 3. Nc3 Bb4 4. e5 c5 5. a3 Bxc3+ 6. bxc3 Qa5 7. Bd2 Qa4 8.
Qg4 g6 9. Qd1 b6 10. Nf3 Nc6 11. Be3 Ba6 12. Bxa6 Qxa6 13. dxc5 bxc5 14.
Qd3 Qxd3 15. cxd3 d4 16. cxd4 cxd4 17. Bg5 h6 18. Bd2 Nge7 19. O-O g5 20.
h3 Rb8 21. Rfe1 Nd5 22. Rac1 Kd7 23. Rc4 Nb6 24. Rcc1 Nd5 25. Rc4 Nb6 26.
Rcc1 1/2-1/2

[Event "Gibtelecom Masters"]
[Site "Gibraltar ENG"]
[Date "2006.01.27"]
[Round "4"]
[White "Speck,N"]
[Black "Agdestein,Em"]
[Result "1/2-1/2"]
[WhiteElo "2371"]
[BlackElo "2053"]
[EventDate "2006.01.24"]

1. e4 c5 2. Nc3 Nc6 3. g3 g6 4. Bg2 Bg7 5. d3 e6 6. Be3 d6 7. f4 Nge7 8.
Nf3 Nd4 9. O-O Rb8 10. Bf2 Nxf3+ 11. Bxf3 b6 12. d4 Ba6 13. Re1 O-O 14. d5
e5 15. Qd2 Bc8 16. Rab1 Bd7 17. Bg2 b5 18. Nd1 b4 19. Ne3 exf4 20. gxf4 Bd4
21. c3 Bxe3 22. Bxe3 f6 23. c4 Qc7 24. Bf1 Rbe8 25. Bf2 Nc8 26. Bg3 Nb6 27.
Bd3 Bg4 28. Kg2 a5 29. Re3 Nd7 30. Rbe1 Bh5 31. Bc2 g5 32. fxg5 Ne5 33.
Bxe5 fxe5 34. Bd1 Bxd1 35. Qxd1 Rf4 36. Qh5 Ref8 37. R1e2 Qf7 38. Qxf7+
R8xf7 39. Rg3 1/2-1/2

[Event "Gibtelecom Masters"]
[Site "Gibraltar ENG"]
[Date "2006.01.27"]
[Round "4"]
[White "Lagowski,P"]
[Black "Houska,Jo"]
[Result "1-0"]
[WhiteElo "2393"]
[BlackElo "2355"]
[EventDate "2006.01.24"]

1. d4 d5 2. c4 c6 3. Nf3 Nf6 4. e3 Bf5 5. cxd5 cxd5 6. Qb3 Qc7 7. Bd2 e6 8.
Bb5+ Nc6 9. O-O Bd6 10. Rc1 O-O 11. Qa4 Rfc8 12. Bxc6 bxc6 13. Bb4 Rab8 14.
Bxd6 Qxd6 15. b3 c5 16. Nbd2 Qb6 17. dxc5 Rxc5 18. b4 Rc7 19. Nd4 h6 20.
Nxf5 exf5 21. Rxc7 Qxc7 22. Nf1 f4 23. exf4 Qxf4 24. a3 Re8 25. Qxa7 d4 26.
Rd1 d3 27. Rxd3 Re1 28. Re3 Ra1 29. Qa8+ Kh7 30. Qf3 Qc4 31. Qf5+ g6 32.
Qd3 Qc1 33. h3 h5 34. Rf3 Kg7 35. b5 h4 36. b6 Rb1 37. b7 Qb2 38. Qd6 Ne4
39. b8=Q Nxd6 40. Qxd6 Qe2 41. Qf6+ Kh6 42. Qxh4+ Kg7 43. Qf6+ 1-0

[Event "Gibtelecom Masters"]
[Site "Gibraltar ENG"]
[Date "2006.01.27"]
[Round "4"]
[White "Wells,P"]
[Black "Tscharotschkin,M"]
[Result "1-0"]
[WhiteElo "2501"]
[BlackElo "2227"]
[EventDate "2006.01.24"]

1. d4 d5 2. c4 Bf5 3. cxd5 Bxb1 4. Qa4+ c6 5. dxc6 Nxc6 6. Rxb1 e5 7. Bd2
Qxd4 8. Qxd4 Nxd4 9. e3 Nc6 10. Bb5 Bd6 11. Bxc6+ bxc6 12. Ne2 Ne7 13. Nc3
Nd5 14. Ke2 Nxc3+ 15. Bxc3 O-O-O 16. Rbc1 Kb7 17. Rc2 f6 18. Rhc1 Rc8 19.
Rd1 Rhd8 20. Rcd2 Be7 21. Ba5 Rxd2+ 22. Rxd2 Ka6 23. Rd7 Bf8 24. Bc3 Rb8
25. Rc7 c5 26. Kd3 Kb6 27. Rf7 a6 28. Kc4 Rd8 29. g4 h6 30. h4 Kc6 31. a4
Ra8 32. a5 Kd6 33. Rb7 Ke6 34. f4 exf4 35. exf4 g6 36. Rb6+ Kf7 37. Rxf6+
1-0

[Event "Gibtelecom Masters"]
[Site "Gibraltar ENG"]
[Date "2006.01.27"]
[Round "4"]
[White "Van den Bersselaar,J"]
[Black "Pavlovic,Milo"]
[Result "0-1"]
[WhiteElo "2222"]
[BlackElo "2494"]
[EventDate "2006.01.24"]

1. d4 Nf6 2. c4 e6 3. Nc3 Bb4 4. e3 d5 5. Nge2 dxc4 6. a3 Ba5 7. Qa4+ c6 8.
Qxc4 O-O 9. g3 e5 10. Bg2 Be6 11. Qd3 exd4 12. Qxd4 Nbd7 13. Nf4 Bb3 14.
O-O Re8 15. Nd3 Qe7 16. Re1 Nf8 17. Qc5 Qc7 18. Qf5 Rad8 19. Nf4 Ng6 20.
Nh5 Nd7 21. e4 Be6 22. Qg5 Nde5 23. b4 Bb6 24. Be3 Bg4 25. Nxg7 Kxg7 26.
Qh6+ Kg8 27. Bg5 Rd6 28. Rac1 Qd7 29. Rf1 f6 0-1

[Event "Gibtelecom Masters"]
[Site "Gibraltar ENG"]
[Date "2006.01.27"]
[Round "4"]
[White "McNab,C"]
[Black "Guski,D"]
[Result "1-0"]
[WhiteElo "2456"]
[BlackElo "2106"]
[EventDate "2006.01.24"]

1. c4 Nf6 2. Nf3 e6 3. g3 c5 4. Bg2 Be7 5. O-O Nc6 6. b3 O-O 7. Bb2 d5 8.
e3 b6 9. Qe2 Bb7 10. Rd1 Qc7 11. Nc3 Rac8 12. Rac1 Rfd8 13. cxd5 Nxd5 14.
Nxd5 Rxd5 15. d4 Rd7 16. dxc5 Bxc5 17. Rxd7 Qxd7 18. Ng5 h6 19. Ne4 Be7 20.
Qg4 g5 21. Rd1 Qc7 22. Nf6+ Bxf6 23. Bxf6 Na5 24. h4 Bxg2 25. hxg5 Be4 26.
gxh6+ Bg6 27. h7+ 1-0

[Event "Gibtelecom Masters"]
[Site "Gibraltar ENG"]
[Date "2006.01.27"]
[Round "4"]
[White "Zhukova,N"]
[Black "Pannekoek,W"]
[Result "1-0"]
[WhiteElo "2432"]
[BlackElo "2083"]
[EventDate "2006.01.24"]

1. e4 e5 2. Nf3 Nc6 3. d4 exd4 4. Nxd4 Nf6 5. Nxc6 bxc6 6. e5 Qe7 7. Qe2
Nd5 8. c4 Nb6 9. Nc3 Qe6 10. Qe4 g6 11. Bf4 a5 12. Be2 Bg7 13. Rd1 d5 14.
cxd5 cxd5 15. Nxd5 Nxd5 16. Qxd5 Qxd5 17. Rxd5 Bb7 18. Rc5 Bxg2 19. Rg1 Bh3
20. Rg3 Be6 21. Bb5+ Kf8 22. Rxc7 Kg8 23. Bc4 Bxc4 24. Rxc4 h6 25. Re3 Kh7
26. Rc7 Rhb8 27. b3 Kg8 28. e6 fxe6 29. Rg3 Rc8 30. Rb7 Bc3+ 31. Ke2 g5 32.
h4 Bf6 33. hxg5 hxg5 34. Bxg5 Bxg5 35. Rxg5+ Kf8 36. a4 Rab8 37. Rxb8 Rxb8
38. Rb5 Ra8 39. Rb7 Rc8 40. Kd3 Rc1 41. f4 Ke8 42. Kd4 Kd8 43. Rb5 Rb1 44.
Ke5 Kd7 45. Rxa5 Rxb3 46. Ra7+ Kd8 47. Kxe6 Re3+ 48. Kf6 1-0

[Event "Gibtelecom Masters"]
[Site "Gibraltar ENG"]
[Date "2006.01.27"]
[Round "4"]
[White "Welling,G"]
[Black "Coimbra,M"]
[Result "0-1"]
[WhiteElo "2405"]
[BlackElo "2083"]
[EventDate "2006.01.24"]

1. f4 d5 2. Nf3 Nf6 3. g3 c5 4. Bg2 Nc6 5. O-O e6 6. d3 Be7 7. c3 O-O 8.
Qc2 b6 9. e4 Bb7 10. e5 Nd7 11. Be3 Rc8 12. Nbd2 b5 13. Bf2 c4 14. d4 b4
15. f5 exf5 16. Qxf5 Nb6 17. Bh3 Rc7 18. Qh5 Bc8 19. Bxc8 Qxc8 20. Be3 bxc3
21. bxc3 Nd8 22. a4 Ne6 23. Qf5 Qa6 24. h4 Qa5 25. Qc2 Rb7 26. Rfb1 Qa6 27.
Bg5 Bxg5 28. hxg5 Rfb8 29. Nf1 Nc8 30. Ne3 Ne7 31. Rxb7 Qxb7 32. Nd1 a5 33.
Kf2 Qb3 34. Qc1 Qb7 35. Qc2 Qb3 36. Qc1 Qb7 37. Qc2 0-1

[Event "Gibtelecom Masters"]
[Site "Gibraltar ENG"]
[Date "2006.01.27"]
[Round "4"]
[White "Dunn,An1"]
[Black "Kobese,W"]
[Result "0-1"]
[WhiteElo "2188"]
[BlackElo "2397"]
[EventDate "2006.01.24"]

1. d4 d5 2. Nf3 c6 3. e3 Bg4 4. c4 e6 5. Nc3 Nd7 6. h3 Bh5 7. Bd3 Ngf6 8.
O-O Be7 9. b3 O-O 10. Bb2 Bb4 11. a3 Ba5 12. b4 Bc7 13. Be2 Qe7 14. Rc1
Rad8 15. c5 Ne4 16. Nxe4 dxe4 17. Nd2 Bg6 18. Qb3 Nf6 19. Nc4 Nd5 20. Ne5
Bf5 21. f4 exf3 22. Bxf3 Qh4 23. Rce1 f6 24. e4 fxe5 25. exd5 exd5 26. dxe5
Be6 27. Qd3 Qg3 28. Be4 Qh4 29. Bf3 Bf5 30. Qd4 Qg5 31. Bc1 Qg6 32. Bg4 Be4
33. e6 h5 34. e7 Rxf1+ 35. Rxf1 Re8 36. Bf3 Rxe7 37. Bxe4 Rxe4 38. Qf2 Kh7
39. Qf3 Be5 40. Bd2 Bf6 41. a4 Rd4 42. Qe2 Re4 43. Qf3 a6 44. Kh1 h4 45.
Qd1 Rc4 46. Qe1 Rc2 47. Rf4 Rxd2 48. Qxd2 Qb1+ 49. Kh2 Be5 0-1

[Event "Gibtelecom Masters"]
[Site "Gibraltar ENG"]
[Date "2006.01.27"]
[Round "4"]
[White "Mohamed,MA"]
[Black "Grooten,H"]
[Result "0-1"]
[WhiteElo "2107"]
[BlackElo "2365"]
[EventDate "2006.01.24"]

1. e4 c6 2. d4 d5 3. Nd2 dxe4 4. Nxe4 Bf5 5. Ng3 Bg6 6. h4 h6 7. Nf3 Nd7 8.
h5 Bh7 9. Bd3 Bxd3 10. Qxd3 e6 11. Bd2 Ngf6 12. O-O-O Be7 13. Kb1 O-O 14.
Ne4 Nxe4 15. Qxe4 Nf6 16. Qe2 Qd5 17. Ne5 Qe4 18. Qxe4 Nxe4 19. Be3 Rfd8
20. g4 c5 21. f3 cxd4 22. Rxd4 Rxd4 23. Bxd4 Nd2+ 24. Ka1 Bg5 25. Bc3 Rd8
26. Bxd2 Rxd2 27. Kb1 Rf2 28. Rd1 Bf6 29. Nd7 Rxf3 30. Nxf6+ gxf6 31. c3
Rf4 32. Rd7 Rxg4 33. Rxb7 f5 34. Kc2 f4 35. Kd3 a5 36. Rb5 a4 37. Ra5 f5
38. Rxa4 Kf7 39. b4 Rg3+ 40. Kd2 e5 41. b5 e4 42. b6 Rg2+ 43. Kd1 Rg1+ 44.
Kc2 Rg2+ 45. Kd1 Rg1+ 46. Kc2 Rg8 47. b7 Rb8 48. Rb4 f3 49. Kd2 Ke6 50. a4
Kd6 51. a5 Kc7 52. Rc4+ Kxb7 53. Rb4+ Ka7 54. Rxb8 Kxb8 55. c4 f4 56. c5
e3+ 57. Ke1 f2+ 58. Ke2 f3+ 59. Kf1 Kb7 60. c6+ Kxc6 61. a6 e2+ 0-1

[Event "Gibtelecom Masters"]
[Site "Gibraltar ENG"]
[Date "2006.01.27"]
[Round "4"]
[White "Cannon,Ri"]
[Black "Ashton,A"]
[Result "0-1"]
[WhiteElo "2087"]
[BlackElo "2321"]
[EventDate "2006.01.24"]

1. e4 e5 2. Nf3 Nc6 3. Bb5 a6 4. Ba4 Nf6 5. O-O Be7 6. Re1 b5 7. Bb3 O-O 8.
d4 d6 9. c3 Bg4 10. Be3 exd4 11. cxd4 d5 12. e5 Ne4 13. Nc3 Nxc3 14. bxc3
f5 15. h3 Bh5 16. g4 fxg4 17. Nh2 Na5 18. hxg4 Bg6 19. f4 Be4 20. Qd2 Bh4
21. Bf2 Nc4 22. Bxc4 bxc4 23. Qe3 Rb8 24. Re2 Rb6 25. Nf3 Rg6 26. Nh2 h5
27. Bg3 hxg4 28. Qf2 Bxg3 29. Qxg3 Bf5 30. Nf1 Rh6 31. Rh2 Rxh2 32. Nxh2
Qd7 33. Re1 Rb8 34. Re2 Rb1+ 35. Kf2 Qe6 36. Qh4 Rc1 37. Qd8+ Kh7 38. Qh4+
Kg6 39. Qg5+ Kf7 40. Nf1 Bd3 41. Ng3 Bxe2 42. Nxe2 Rc2 43. f5 Qh6 44. Qxg4
Rxa2 45. Kg2 Qe3 46. Qh5+ Ke7 47. f6+ Kd8 48. Qh8+ Kd7 49. e6+ Qxe6 50.
Qxg7+ Kc6 0-1

[Event "Gibtelecom Masters"]
[Site "Gibraltar ENG"]
[Date "2006.01.27"]
[Round "4"]
[White "Nadig,K"]
[Black "Hamer,M"]
[Result "1-0"]
[WhiteElo "2237"]
[BlackElo "2000"]
[EventDate "2006.01.24"]

1. e4 e5 2. Nf3 f5 3. Nxe5 Qf6 4. d4 d6 5. Nc4 fxe4 6. Nc3 Qg6 7. Bf4 Nf6
8. Qd2 Be7 9. O-O-O O-O 10. h3 Nbd7 11. Kb1 Nb6 12. Nxb6 axb6 13. d5 Kh8
14. g4 Ra5 15. Be3 Bd7 16. Bg2 Rfa8 17. g5 Ng8 18. b4 Ra3 19. Bxe4 Bf5 20.
f3 b5 21. h4 Bxe4 22. fxe4 c5 23. dxc6 bxc6 24. h5 Qe6 25. h6 Bf8 26. Bd4
c5 27. hxg7+ Bxg7 28. Qh2 h6 29. Bxg7+ Kxg7 30. Rxd6 Qe8 31. Rxh6 Kf7 32.
Rf1+ Ke7 33. Qd6+ 1-0

[Event "Gibtelecom Masters"]
[Site "Gibraltar ENG"]
[Date "2006.01.27"]
[Round "4"]
[White "Carame Gonzalez,F"]
[Black "Walton,A"]
[Result "0-1"]
[WhiteElo "1978"]
[BlackElo "2197"]
[EventDate "2006.01.24"]

1. e4 e6 2. d4 d5 3. Nd2 Nf6 4. e5 Nfd7 5. Bd3 c5 6. c3 Nc6 7. Ne2 cxd4 8.
cxd4 Qb6 9. Nf3 f6 10. exf6 Nxf6 11. O-O Bd6 12. Nc3 O-O 13. Na4 Qd8 14.
Bg5 Qe8 15. Bxf6 Rxf6 16. Nc3 Qh5 17. h3 Bd7 18. Nh2 Bxh2+ 19. Kxh2 Qh4 20.
Qg4 Qxg4 21. hxg4 Raf8 22. f3 Nxd4 23. Rad1 Nc6 24. Rfe1 Rc8 25. Bb5 a6 26.
Bxc6 Rxc6 27. Rd2 Rf8 28. Ne2 Re8 29. Nd4 Rb6 30. Nb3 Rc8 31. Kg3 Rc4 32.
Nd4 Kf7 33. b3 Rc3 34. Kf4 h6 35. g5 hxg5+ 36. Kxg5 Rc8 37. g4 Rh8 38. Rc1
e5 0-1

[Event "Gibtelecom Masters"]
[Site "Gibraltar ENG"]
[Date "2006.01.27"]
[Round "4"]
[White "Vinas Guerrero,C"]
[Black "Baena,A"]
[Result "1-0"]
[WhiteElo "2160"]
[BlackElo "2019"]
[EventDate "2006.01.24"]

1. e4 e5 2. Nf3 Nc6 3. Bb5 d6 4. O-O Nf6 5. c3 a6 6. Ba4 b5 7. Bc2 Bg4 8.
a4 Be7 9. Qe2 b4 10. d3 a5 11. Nbd2 O-O 12. Nc4 h6 13. Ne3 Bh5 14. Bb3 Rb8
15. Bc4 Na7 16. Nf5 c6 17. Be3 Nc8 18. Ng3 Bg4 19. h3 Bxf3 20. Qxf3 d5 21.
exd5 cxd5 22. Bb5 Rb7 23. c4 Rc7 24. Nf5 Kh7 25. Qg3 Rg8 26. Qxe5 Bd6 27.
Nxd6 Qxd6 28. Qxd6 Nxd6 29. Bb6 Nxb5 30. axb5 Rcc8 31. b3 Nd7 32. Bxa5 Nc5
33. Bxb4 Nxd3 34. Bd6 dxc4 35. bxc4 Rgd8 36. Bg3 Rxc4 37. Rfd1 Rd7 38. Rab1
Rc3 39. b6 Rb7 40. Bc7 Ra3 41. Ra1 Rxa1 42. Rxa1 Nc5 43. Ra7 Kg6 44. Bd6
Rxb6 45. Bxc5 Rc6 46. Be3 Rc8 47. Ra6+ 1-0

[Event "Gibtelecom Masters"]
[Site "Gibraltar ENG"]
[Date "2006.01.27"]
[Round "4"]
[White "Matto,M"]
[Black "Flores Chico,J"]
[Result "0-1"]
[WhiteElo "1954"]
[BlackElo "2136"]
[EventDate "2006.01.24"]

1. e4 e6 2. Nf3 d5 3. e5 c5 4. d4 Nc6 5. c3 Qb6 6. Be2 cxd4 7. cxd4 Nh6 8.
O-O Nf5 9. Nc3 Nfxd4 10. Nxd4 Qxd4 11. Qxd4 Nxd4 12. Bb5+ Bd7 13. Bxd7+
Kxd7 14. Be3 Nc6 15. f4 g6 16. a3 d4 17. Rad1 Kc8 18. Rxd4 Nxd4 19. Bxd4
Be7 20. Nb5 Rd8 21. Rc1+ Kd7 22. Bxa7 Rac8 23. Rd1+ Kc6 24. Nd4+ Kc7 25.
Nb5+ Kc6 26. Nd4+ Kd5 27. Bb6 Ke4 28. Re1+ Kxf4 29. g3+ Kg5 30. Bxd8 Bxd8
31. Nf3+ Kg4 32. Nd2 Bb6+ 33. Kg2 Rc2 34. Re2 Rxb2 35. h3+ Kh5 36. Kf3 Rc2
37. Ne4 Rxe2 38. Kxe2 Bd4 39. Nf6+ Kg5 40. Ne4+ Kf5 41. Nd6+ Kxe5 42. Nxf7+
Kd5 43. Ng5 b5 44. Kd3 h6 45. Nxe6 Be5 46. Nf4+ Kc6 47. Nxg6 Bd6 48. g4
Bxa3 49. Ne5+ Kd5 50. Nf7 Bf8 51. g5 h5 52. Nh8 Ke6 53. Ng6 Bd6 54. Nh4 Be7
55. Nf3 Kf5 56. h4 Kg4 57. Ke4 b4 58. g6 Bf6 59. Ng5 b3 60. Kd3 Kf5 61. Ne4
Kxg6 62. Nd2 b2 63. Kc2 Kf5 64. Nc4 Kg4 65. Nd6 Kxh4 66. Nf5+ Kg5 67. Ng3
h4 68. Ne4+ Kf5 69. Nf2 Kf4 0-1

[Event "Gibtelecom Masters"]
[Site "Gibraltar ENG"]
[Date "2006.01.27"]
[Round "4"]
[White "Goodger,M"]
[Black "Kuenitz,K"]
[Result "1-0"]
[WhiteElo "2135"]
[BlackElo "1901"]
[EventDate "2006.01.24"]

1. e4 e5 2. Nf3 d6 3. d4 Bg4 4. dxe5 Bxf3 5. Qxf3 dxe5 6. Nc3 Bc5 7. Qg3
Nc6 8. Bb5 Bd4 9. Qxg7 Qf6 10. Qxf6 Bxc3+ 11. bxc3 Nxf6 12. Bxc6+ bxc6 1-0

[Event "Gibtelecom Masters"]
[Site "Gibraltar ENG"]
[Date "2006.01.27"]
[Round "4"]
[White "Hutchinson,N"]
[Black "Almer,J"]
[Result "0-1"]
[WhiteElo "2118"]
[BlackElo "1848"]
[EventDate "2006.01.24"]

1. e4 e5 2. Nf3 Nc6 3. Bb5 a6 4. Ba4 Nf6 5. O-O Be7 6. Bxc6 dxc6 7. d3 Nd7
8. b3 O-O 9. Bb2 Bd6 10. Nbd2 b5 11. d4 f6 12. Qe2 Re8 13. Rad1 Nf8 14. c4
exd4 15. Nxd4 c5 16. Nc2 Ng6 17. Ne3 Nf4 18. Qf3 c6 19. Nb1 Qc7 20. Kh1 Be5
21. Bc1 Be6 22. a3 Ng6 23. Qe2 Bd4 24. f4 Bh3 25. Rfe1 Rxe4 26. Qf3 Rae8
27. g4 Nxf4 28. Qg3 Qe5 0-1

[Event "Gibtelecom Masters"]
[Site "Gibraltar ENG"]
[Date "2006.01.27"]
[Round "4"]
[White "Fox,An"]
[Black "Jacobsen,M"]
[Result "1-0"]
[WhiteElo "2104"]
[BlackElo "1879"]
[EventDate "2006.01.24"]

1. e4 e5 2. Nf3 Nc6 3. Bb5 a6 4. Ba4 Nf6 5. O-O Be7 6. Re1 b5 7. Bb3 O-O 8.
a4 Bb7 9. Nc3 bxa4 10. Rxa4 Bc5 11. d3 h6 12. Nd5 d6 13. c3 Re8 14. Bd2 Nb8
15. Ne3 Ba7 16. Bxf7+ Kxf7 17. Qb3+ Kf8 18. Qxb7 Nbd7 19. b4 Nb6 20. Rxa6
Qd7 21. Rxa7 Rxa7 22. Qxa7 Ra8 23. Qb7 Rc8 24. Nd5 1-0

[Event "Gibtelecom Masters"]
[Site "Gibraltar ENG"]
[Date "2006.01.27"]
[Round "4"]
[White "Villena Perez,J"]
[Black "Straub,P"]
[Result "0-1"]
[WhiteElo "1915"]
[BlackElo "2086"]
[EventDate "2006.01.24"]

1. d4 Nf6 2. c4 g6 3. Nc3 d5 4. Bg5 Ne4 5. Nxe4 dxe4 6. e3 c5 7. Ne2 Bg7 8.
f3 Qa5+ 9. Qd2 Qxd2+ 10. Kxd2 f6 11. Bf4 0-1